Hospodárske krízy. Zv. 1, Krízy v predmonopolistickom kapitalizme /

Hlavní autor: Oelssner, Fred, 1903-1977
Jazyk: Slovenština
Vydáno: Bratislava : Slovenské vydavateľstvo politickej literatúry, 1954
Vydání: 1. vyd.
Fyzický popis: 246 s.
Knihy
Uloženo v:
LEADER 00685nam a22002052a 4500
001 001455433
003 CZ BrMZK
005 20150220134108.0
007 ta
008 150211s1954 xo er|||||||||||slo d
040 |a BOA001  |b cze 
041 1 |a slo  |h ger 
100 1 |a Oelssner, Fred,  |d 1903-1977  |7 jx20060205092  |4 aut 
245 1 0 |a Hospodárske krízy.  |n Zv. 1,  |p Krízy v predmonopolistickom kapitalizme /  |c Fred Ölssner 
250 |a 1. vyd. 
260 |a Bratislava :  |b Slovenské vydavateľstvo politickej literatúry,  |c 1954 
300 |a 246 s. 
910 |a BOA001  |b 2-0332.217,1 
990 |a BK 
996 7 |b 2618996680  |c 2-0332.217,1  |l MZK  |r Sklad / do 24 hodin  |n 0  |w 001490446  |u 000010  |a 1  |e BOA001  |j MZK50  |s A